|
|
|
|
| LEADER |
00000nbm0a2200000 4500 |
| 001 |
137941 |
| 005 |
20231031141231.0 |
| 035 |
|
|
|a (RuTPU)RU\TPU\book\149477
|
| 090 |
|
|
|a 137941
|
| 100 |
|
|
|a 20080519d1969 k y0rusy50 ca
|
| 101 |
0 |
|
|a rus
|
| 102 |
|
|
|a RU
|
| 105 |
|
|
|a a m 001zy
|
| 200 |
1 |
|
|a Исследование поведения дисперсной фазы высоких концентраций в поле коронного разряда
|e Диссертация на соискание ученой степени кандидата технических наук
|f А. И. Цатурян
|g Томский политехнический институт (ТПИ) ; науч. рук. А. Ф. Калганов
|
| 210 |
|
|
|a Томск
|d 1969
|
| 215 |
|
|
|a 147 л.
|c ил.
|
| 320 |
|
|
|a Библиогр.: с. 143 - 147 ( 90 назв.)
|
| 610 |
1 |
|
|a коронный разряд
|
| 610 |
1 |
|
|a дисперсные фазы
|
| 610 |
1 |
|
|a концентрация
|
| 610 |
1 |
|
|a электрическое поле
|
| 610 |
1 |
|
|a напряженность
|
| 610 |
1 |
|
|a вольтамперные характеристики
|
| 610 |
1 |
|
|a транспортировка
|
| 610 |
1 |
|
|a цилиндрические системы
|
| 610 |
1 |
|
|a электростатическое осаждение
|
| 610 |
1 |
|
|a коллекторы
|
| 610 |
1 |
|
|a исследования
|
| 610 |
1 |
|
|a диссертации
|
| 675 |
|
|
|a 621.385.12(04)
|v 3
|
| 675 |
|
|
|a 537.5(04)
|v 3
|
| 700 |
|
1 |
|a Цатурян
|b А. И.
|
| 702 |
|
1 |
|a Калганов
|b А. Ф.
|4 727
|
| 712 |
0 |
2 |
|a Томский политехнический институт (ТПИ)
|c (1944-1991)
|2 stltpush
|3 (RuTPU)RU\TPU\col\1123
|
| 801 |
|
1 |
|a RU
|b 63413507
|c 20080519
|g PSBO
|
| 801 |
|
2 |
|a RU
|b 63413507
|c 20180305
|g RCR
|
| 942 |
|
|
|c BK
|